000 00540nam a2200169Ia 4500
003 GCL
008 140319s9999 xx 000 0 ara d
040 _aGCL /
_cGCL
082 0 4 _a796.33
_bع ت
100 1 _aعبدة السيد ابوالعلا
245 1 0 _aالتنظيم والادارة وواقعية التخطيط والتدريب فى كرة القدم /
_cعبدة السيد ابوالعلا
300 _a260 ص
490 _a
650 0 4 _aالالعاب الرياضية
650 0 4 _aكرة القدم
942 _2ddc
_cBK
999 _c38660
_d38660